Catálogo
 En Linea

Espantapájaros : (Registro nro. 58310)

Detalles MARC
000 -CABECERA
campo de control de longitud fija 00707nam a22002537i 4500
003 - IDENTIFICADOR DEL NÚMERO DE CONTROL
campo de control DO-SdBNP
005 - FECHA Y HORA DE LA ÚLTIMA TRANSACCIÓN
campo de control 20250421103150.0
007 - CAMPO FIJO DE DESCRIPCIÓN FÍSICA--INFORMACIÓN GENERAL
campo de control de longitud fija ta
008 - DATOS DE LONGITUD FIJA--INFORMACIÓN GENERAL
campo de control de longitud fija 250421b2024 |||||||| |||| 00| 0 eng d
020 ## - NÚMERO INTERNACIONAL ESTÁNDAR DEL LIBRO
Número Internacional Estándar del Libro 9789945654585
040 ## - FUENTE DE LA CATALOGACIÓN
Centro catalogador/agencia de origen DO-SdBNP
Lengua de catalogación spa
Centro/agencia transcriptor BNPHU
Normas de descripción rda
041 ## - CÓDIGO DE LENGUA
Código de lengua original spa
082 ## - NÚMERO DE LA CLASIFICACIÓN DECIMAL DEWEY
Número de clasificación xxx
Número de documento/Ítem S194e
Número de edición 22
100 1# - ENTRADA PRINCIPAL--NOMBRE DE PERSONA
Nombre de persona San Juan, Mario de
Término indicativo de función/relación autor
9 (RLIN) 75580
245 10 - MENCIÓN DE TÍTULO
Título Espantapájaros :
Resto del título cuento /
Mención de responsabilidad, etc. Mario de San Juan
264 ## - PRODUCCIÓN, PUBLICACIÓN, DISTRIBUCIÓN, FABRICACIÓN Y COPYRIGHT
Producción, publicación, distribución, fabricación y copyright Santo Domingo :
Nombre del de productor, editor, distribuidor, fabricante Soto Castillo,
Fecha de producción, publicación, distribución, fabricación o copyright 2024.
300 ## - DESCRIPCIÓN FÍSICA
Extensión 76 páginas ;
Dimensiones 24 cm
336 ## - TIPO DE CONTENIDO
Término de tipo de contenido rdacontent
Código de tipo de contenido texto
Fuente txt
337 ## - TIPO DE MEDIO
Nombre/término del tipo de medio rdamedia
Código del tipo de medio sin mediación
Fuente n
338 ## - TIPO DE SOPORTE
Nombre/término del tipo de soporte rdacarrier
Código del tipo de soporte volumen
Fuente nc
590 ## - NOTA LOCAL (RLIN)
Nota local Inventariado, 2025 /DG
910 ## - DATOS DE OPCIÓN DEL USUARIO (OCLC)
Datos de opción del usuario DG
942 ## - ELEMENTOS DE PUNTO DE ACCESO ADICIONAL (KOHA)
Fuente del sistema de clasificación o colocación Dewey Decimal Classification
Tipo de ítem Koha Libro
Existencias
Estado de retiro Estado de pérdida Fuente del sistema de clasificación o colocación Restricciones de uso No para préstamo Código de colección Localización permanente Ubicación/localización actual Ubicación en estantería Fecha de adquisición Fuente de adquisición Total de préstamos Signatura topográfica completa Código de barras Fecha visto por última vez Precio válido a partir de Tipo de ítem Koha Número de copia Nota pública
    Dewey Decimal Classification Excluido de préstamo   Patrimonio Dominicano Biblioteca Nacional Pedro Henríquez Ureña Biblioteca Nacional Pedro Henríquez Ureña En catalogación 06.11.2024 Depósito Legal   BNPHU PD S194e 2025-1442 05.03.2025 05.03.2025 Libro    
    Dewey Decimal Classification Excluido de préstamo     Biblioteca Nacional Pedro Henríquez Ureña Biblioteca Nacional Pedro Henríquez Ureña   06.11.2024 Depósito Legal     2025-1443 05.03.2025 05.03.2025 Folleto e.2 En proceso de descripción
    Dewey Decimal Classification Préstamo en sala   Dominicana de Servicio Biblioteca Nacional Pedro Henríquez Ureña Biblioteca Nacional Pedro Henríquez Ureña En catalogación 06.11.2024 Depósito Legal   xxx S194e 2025-1444 05.03.2025 05.03.2025 Libro e.3  

Con tecnología Koha